| Tag |
First Indicator |
Second Indicator |
Subfields |
| LEADER |
00000cam a22000001i 4500 |
| 001 |
in00003960880 |
| 006 |
m d f |
| 007 |
cr bn mmmapmmp |
| 008 |
421025s1942 dcu o f000 0 eng d |
| 005 |
20250210230230.9 |
| 035 |
|
|
|a ebd1943002697
|
| 040 |
|
|
|a UMI
|c UMI
|e rda
|d UtOrBLW
|
| 086 |
0 |
|
|a Pr 32.4806:H 81
|
| 099 |
|
|
|a Pr32.4806..H81
|
| 110 |
1 |
|
|a United States.
|b War Production Board.
|0 http://id.loc.gov/authorities/names/n50060401
|
| 245 |
1 |
0 |
|a War Housing Manual, Including War Housing Critical List and Procedures for Processing Applications, Effective Dec. 12, 1942.
|
| 264 |
|
1 |
|a [Washington] :
|b [s.n.],
|c 1942.
|
| 300 |
|
|
|a 1 online resource (43 pages), digital, PDF file
|
| 336 |
|
|
|a text
|b txt
|2 rdacontent
|
| 337 |
|
|
|a computer
|b c
|2 rdamedia
|
| 338 |
|
|
|a online resource
|b cr
|2 rdacarrier
|
| 533 |
|
|
|a Electronic reproduction.
|b [Bethesda, Md.] :
|c ProQuest,
|d 2016
|e digital, PDF file.
|n ProQuest U.S. Executive Branch Documents
|n Mode of access: World Wide Web via ProQuest website.
|
| 588 |
|
|
|a Record is based on online resource; title from PDF title page (ProQuest, last viewed Nov. 2016). Reuse except for individual research requires license from ProQuest, LLC.
|
| 650 |
|
0 |
|a Housing.
|0 http://id.loc.gov/authorities/subjects/sh85062603
|
| 650 |
|
0 |
|a Construction industry.
|0 http://id.loc.gov/authorities/subjects/sh85031360
|
| 650 |
|
0 |
|a Defense industries.
|0 http://id.loc.gov/authorities/subjects/sh89004747
|
| 650 |
|
0 |
|a Industries.
|0 http://id.loc.gov/authorities/subjects/sh85065960
|
| 856 |
4 |
0 |
|u http://proxy.library.tamu.edu/login?url=http://congressional.proquest.com/congressional/docview/t66.d71.pr32.4806..h81?
|y Electronic resource (PDF)
|t 0
|
| 999 |
f |
f |
|s 70ac97ca-9aea-3399-916b-060c3e74cb36
|i d3d3a66f-924e-34d9-b209-c0243c8439fe
|t 0
|
| 952 |
f |
f |
|a Texas A&M University
|b College Station
|c Electronic Resources
|d Available Online
|t 0
|h No information provided
|
| 998 |
f |
f |
|t 0
|l Available Online
|